[Event "Udaipur Holi Cup 6th"]
[Site "Udaipur"]
[Date "2024.04.02"]
[Round "5"]
[White "Chavan, Nameet"]
[Black "Vandan, Alankar Sawai"]
[Result "0-1"]
[WhiteElo "1890"]
[BlackElo "1812"]
[PlyCount "84"]
[EventDate "2024.03.31"]
[EventType "swiss"]
[EventRounds "9"]
[EventCountry "IND"]
[SourceTitle "CB16_2024"]
[SourceDate "2024.04.17"]
[SourceVersion "1"]
[SourceVersionDate "2024.04.17"]
[SourceQuality "1"]

1. e4 e5 2. Nf3 Nc6 3. Bb5 a6 4. Ba4 Nf6 5. 0-0 Be7 6. d3 b5 7. Bb3 d6 8. c3 0-0 9. a4 Rb8 10. axb5 axb5 11. Re1 h6 12. h3 Re8 13. Nbd2 Bf8 14. Nf1 d5 15. Ng3 g6 16. exd5 Nxd5 17. d4 Nb6 18. d5 Ne7 19. Nxe5 Nbxd5 20. Ng4 Bxg4 21. Qxg4 c6 22. Qf3 Qc7 23. Be3 Ra8 24. Rxa8 Rxa8 25. Bc5 Rd8 26. h4 h5 27. Be3 Qe5 28. Bd2 Qf6 29. Bg5 Qxf3 30. gxf3 Rd7 31. Ne4 Kg7 32. Ra1 f6 33. Nc5 Rd6 34. Bd2 Nf5 35. Ra7+ Be7 36. c4 bxc4 37. Bxc4 Nb6 38. Ne6+ Kf7 39. Ng5+ Ke8 40. Bf7+ Kf8 41. Bxg6 fxg5 42. Ba5 Rxg6 0-1

[Event "Udaipur Holi Cup 6th"]
[Site "Udaipur"]
[Date "2024.04.02"]
[Round "6"]
[White "Prakash, Ram"]
[Black "Vandan, Alankar Sawai"]
[Result "1/2-1/2"]
[WhiteElo "1983"]
[BlackElo "1812"]
[PlyCount "89"]
[EventDate "2024.03.31"]
[EventType "swiss"]
[EventRounds "9"]
[EventCountry "IND"]
[SourceTitle "CB16_2024"]
[SourceDate "2024.04.17"]
[SourceVersion "1"]
[SourceVersionDate "2024.04.17"]
[SourceQuality "1"]

1. e4 e6 2. d4 d5 3. Nd2 c5 4. exd5 Qxd5 5. Ngf3 cxd4 6. Bc4 Qd6 7. 0-0 Nf6 8. Nb3 Nc6 9. Nbxd4 Nxd4 10. Nxd4 a6 11. c3 Qc7 12. Qe2 Bd6 13. h3 0-0 14. Bg5 Ne4 15. Be3 e5 16. Nb3 b5 17. Bd5 Bb7 18. Bxb7 Qxb7 19. Qf3 Rab8 20. Rad1 f5 21. Nd2 Nxd2 22. Qxb7 Rxb7 23. Rxd2 Be7 24. Rd5 Bf6 25. Rfd1 Rc8 26. Bc5 Kf7 27. b4 Rc6 28. g4 fxg4 29. hxg4 e4 30. Rf5 Kg6 31. Re1 Re6 32. Bd4 Rd7 33. Bxf6 gxf6 34. Re3 Rd2 35. a3 Ra2 36. Kg2 Rxa3 37. Kg3 Rc6 38. Rxe4 Raxc3+ 39. f3 R3c4 40. Re1 Rxb4 41. Rh1 a5 42. Rfh5 Kf7 43. Re1 Kg6 44. Reh1 Kf7 45. Re1 1/2-1/2

[Event "IND-ch 60th"]
[Site "Pune"]
[Date "2023.08.16"]
[Round "1"]
[White "Iniyan, Panneerseluam"]
[Black "Vandan, Alankar Sawai"]
[Result "1-0"]
[WhiteElo "2502"]
[BlackElo "1678"]
[PlyCount "89"]
[EventDate "2023.08.16"]
[EventType "swiss"]
[EventRounds "11"]
[EventCountry "IND"]
[SourceTitle "EXT 2024"]
[Source "ChessBase"]
[SourceDate "2023.10.10"]
[SourceVersion "1"]
[SourceVersionDate "2023.10.10"]
[SourceQuality "1"]

1. d4 d5 2. c4 e6 3. Nc3 Nf6 4. cxd5 exd5 5. Bg5 Nbd7 6. e3 c6 7. Bd3 Bd6 8. Nf3 0-0 9. Qc2 h6 10. h4 Qc7 11. 0-0-0 Re8 12. Kb1 b5 13. Rc1 b4 14. Nb5 cxb5 15. Qxc7 Bxc7 16. Bxf6 Bd6 17. Rc6 Bb8 18. Bxb5 gxf6 19. Rxc8 Rxc8 20. Bxd7 Rc7 21. Ba4 a5 22. Ne1 Ba7 23. Nd3 Rd8 24. Nf4 Bb8 25. Nh5 Rd6 26. Bb3 Kf8 27. Nf4 Rcd7 28. Rc1 Rc7 29. Rxc7 Bxc7 30. g3 Bd8 31. Kc2 Ke7 32. Nxd5+ Kd7 33. Kd3 Ke8 34. Ba4+ Kf8 35. Kc4 Re6 36. Kc5 Ra6 37. Bb5 Ra7 38. b3 Rb7 39. Bc6 Ra7 40. Nb6 Be7+ 41. Kb5 Bd8 42. d5 Bxb6 43. Kxb6 Re7 44. d6 Re6 45. Kc7 1-0

[Event "Bhubaneswar op-A 14th"]
[Site "Bhubaneswar"]
[Date "2023.06.15"]
[Round "6"]
[White "Vandan, Alankar Sawai"]
[Black "Bhoopnath"]
[Result "1-0"]
[WhiteElo "1534"]
[BlackElo "1725"]
[PlyCount "79"]
[EventDate "2023.06.11"]
[EventType "swiss"]
[EventRounds "10"]
[EventCountry "IND"]
[SourceTitle "CBM 214 Extra"]
[Source "ChessBase"]
[SourceDate "2023.07.31"]
[SourceVersion "1"]
[SourceVersionDate "2023.07.31"]
[SourceQuality "1"]

1. e4 c5 2. Nf3 d6 3. d4 cxd4 4. Nxd4 Nf6 5. Nc3 a6 6. Bg5 e6 7. f4 Be7 8. Qf3 h6 9. Bh4 Nbd7 10. 0-0-0 Qc7 11. f5 Ne5 12. Qh3 Nfg4 13. Bxe7 Qxe7 14. Qg3 0-0 15. Be2 Nf6 16. Qf4 b5 17. a3 Bb7 18. Nf3 Rac8 19. fxe6 Rxc3 20. bxc3 fxe6 21. Nxe5 dxe5 22. Qxe5 Nxe4 23. Kb2 Rc8 24. Bg4 Nc5 25. Qd6 Qf6 26. Rhf1 Na4+ 27. Kc1 Qg5+ 28. Qf4 Qe7 29. Rd6 Bd5 30. Qe5 Nxc3 31. Rxd5 Qxa3+ 32. Kd2 Ne4+ 33. Qxe4 Qc3+ 34. Ke2 Kh8 35. Qd3 Qa5 36. Rd7 b4 37. Rff7 Qe5+ 38. Kf2 Qg5 39. Rxg7 Rf8+ 40. Bf3 1-0

[Event "Bhubaneswar op-A 14th"]
[Site "Bhubaneswar"]
[Date "2023.06.13"]
[Round "4"]
[White "Vandan, Alankar Sawai"]
[Black "Aarav, Sinha"]
[Result "1/2-1/2"]
[WhiteElo "1534"]
[BlackElo "1782"]
[PlyCount "99"]
[EventDate "2023.06.11"]
[EventType "swiss"]
[EventRounds "10"]
[EventCountry "IND"]
[SourceTitle "CBM 214 Extra"]
[Source "ChessBase"]
[SourceDate "2023.07.31"]
[SourceVersion "1"]
[SourceVersionDate "2023.07.31"]
[SourceQuality "1"]

1. e4 c5 2. Nf3 e6 3. d4 cxd4 4. Nxd4 a6 5. Bd3 Nf6 6. Nc3 Qc7 7. Qe2 d6 8. 0-0 b5 9. a3 Bb7 10. Kh1 Be7 11. f4 Nbd7 12. Bd2 Nc5 13. Rae1 0-0 14. Rf3 Nxd3 15. cxd3 g6 16. Rh3 e5 17. fxe5 dxe5 18. Nc2 Bc8 19. Rg3 Be6 20. Ne3 Kh8 21. Rf3 Qd8 22. h3 Ra7 23. Ned5 Ng8 24. Be3 Rd7 25. Ref1 f6 26. Qf2 Rf7 27. d4 Bf8 28. Qh4 Qe8 29. Qg3 Bg7 30. dxe5 fxe5 31. Bc5 Rxf3 32. Rxf3 Rf7 33. Bd6 Rxf3 34. Qxf3 Qd8 35. Bc7 Qg5 36. Kh2 Nf6 37. Bd8 Bxd5 38. Nxd5 Ng4+ 39. Qxg4 Qxd8 40. b4 Qe8 41. Nc7 Qf8 42. Nxa6 Bh6 43. Qf3 Qd6 44. Nc5 Bf4+ 45. g3 Qd2+ 46. Kh1 Bh6 47. h4 Kg8 48. Nb3 Qe1+ 49. Kg2 Kg7 50. Nc5 1/2-1/2

[Event "IND-ch U15 47th"]
[Site "New Delhi"]
[Date "2022.12.01"]
[Round "6"]
[White "Tejas Shah, Jihan"]
[Black "Vandan, Alankar Sawai"]
[Result "1-0"]
[WhiteElo "1860"]
[BlackElo "1580"]
[PlyCount "61"]
[EventDate "2022.11.28"]
[EventType "swiss"]
[EventRounds "11"]
[EventCountry "IND"]
[SourceTitle "CBM 211 Extra"]
[Source "ChessBase"]
[SourceDate "2023.01.31"]
[SourceVersion "1"]
[SourceVersionDate "2023.01.31"]
[SourceQuality "1"]

1. d4 d5 2. c4 e6 3. Nc3 Nf6 4. cxd5 exd5 5. Bg5 c6 6. e3 Bd6 7. Bd3 Nbd7 8. Qc2 Nf8 9. Nf3 Ng6 10. 0-0-0 0-0 11. h4 h6 12. h5 Ne7 13. Bxf6 gxf6 14. Nh4 b5 15. Qd2 Qc7 16. Bc2 Kg7 17. g4 Rg8 18. Qd3 Kf8 19. Qh7 Bxg4 20. Qxh6+ Ke8 21. f3 Be6 22. Qxf6 Kd7 23. Nf5 Rg2 24. Rd2 Rag8 25. Rxg2 Rxg2 26. Bd3 Qa5 27. Nxd6 Kxd6 28. h6 b4 29. h7 bxc3 30. h8Q c2 31. Qb8+ 1-0

[Event "IND-ch U15 47th"]
[Site "New Delhi"]
[Date "2022.12.01"]
[Round "5"]
[White "Vandan, Alankar Sawai"]
[Black "Ankit, Ray"]
[Result "1/2-1/2"]
[WhiteElo "1580"]
[BlackElo "1816"]
[PlyCount "75"]
[EventDate "2022.11.28"]
[EventType "swiss"]
[EventRounds "11"]
[EventCountry "IND"]
[SourceTitle "CBM 211 Extra"]
[Source "ChessBase"]
[SourceDate "2023.01.31"]
[SourceVersion "1"]
[SourceVersionDate "2023.01.31"]
[SourceQuality "1"]

1. e4 c5 2. Nf3 Nc6 3. d4 cxd4 4. Nxd4 e5 5. Nb5 d6 6. Bc4 Be6 7. Bxe6 fxe6 8. c4 a6 9. N5c3 Nf6 10. Be3 Be7 11. 0-0 0-0 12. Nd2 Qe8 13. a3 Qg6 14. Qb3 Rab8 15. f3 Nh5 16. Ne2 Bg5 17. Rfd1 Bxe3+ 18. Qxe3 Nd4 19. Rac1 Rf6 20. Kh1 Nxe2 21. Qxe2 Rbf8 22. Nf1 Nf4 23. Qc2 Qg5 24. Qd2 Rg6 25. g3 Qh5 26. Rc3 Nh3 27. Qe2 Ng5 28. Rxd6 Nxf3 29. Rdd3 Rgf6 30. Nd2 Nh4 31. Qe1 Ng6 32. Kg1 Ne7 33. Rb3 Nc6 34. Rd7 Na5 35. Rbd3 Nc6 36. Rb3 Na5 37. Rbd3 Nc6 38. Rb3 1/2-1/2

[Event "Wch U12"]
[Site "Batumi"]
[Date "2022.09.24"]
[Round "8"]
[White "Vandan, Alankar Sawai"]
[Black "Hebbar, Eshaan"]
[Result "1/2-1/2"]
[WhiteElo "1481"]
[BlackElo "1931"]
[PlyCount "140"]
[EventDate "2022.09.16"]
[EventType "swiss"]
[EventRounds "11"]
[EventCountry "GEO"]
[SourceTitle "EXT 2023"]
[Source "ChessBase"]
[SourceDate "2022.10.05"]
[SourceVersion "1"]
[SourceVersionDate "2022.10.05"]
[SourceQuality "1"]

1. e4 e5 2. Nf3 Nc6 3. Bc4 Bc5 4. c3 Nf6 5. d3 d6 6. Nbd2 h6 7. h3 0-0 8. Bb3 Bb6 9. Nf1 Ne7 10. Ng3 Ng6 11. 0-0 c6 12. d4 Qc7 13. Re1 Re8 14. Bc2 Be6 15. Be3 Rad8 16. Qe2 Bc8 17. Qf1 a5 18. Rad1 Be6 19. b3 Nf4 20. dxe5 dxe5 21. c4 Bxe3 22. fxe3 Ng6 23. Rxd8 Rxd8 24. Rd1 Rd7 25. Nf5 Qb6 26. Rxd7 Nxd7 27. Qe1 a4 28. Qc3 axb3 29. axb3 Qc5 30. Kf2 b5 31. Nd2 bxc4 32. b4 Qa7 33. Nxc4 Qa2 34. Na5 Nf6 35. Kg1 Bxf5 36. exf5 Nd5 37. Qxc6 Nxb4 38. Qe8+ Nf8 39. Bb3 Qb1+ 40. Kh2 Qxf5 41. Nb7 Qd7 42. Qxd7 Nxd7 43. Nd6 Kf8 44. Nxf7 Ke7 45. Nh8 Kf6 46. Nf7 Nc5 47. Bc4 Nc2 48. Nd6 Nxe3 49. Ba2 Ke7 50. Nb5 Nf5 51. Kg1 Nd4 52. Nc3 Kd6 53. Kf2 e4 54. g4 Ke5 55. Bb1 Nde6 56. Ke3 Nf4 57. Bxe4 Nxe4 58. Nxe4 Nxh3 59. Ng3 g6 60. Ne2 Kf6 61. Kf3 Ng5+ 62. Kf4 Ne6+ 63. Kg3 Ke5 64. Nc3 Nd4 65. Na4 Ke4 66. Nc5+ Ke3 67. Nd7 Ne2+ 68. Kh4 Nf4 69. g5 h5 70. Ne5 Ke4 1/2-1/2

[Event "Wch U12"]
[Site "Batumi"]
[Date "2022.09.23"]
[Round "7"]
[White "Vandan, Alankar Sawai"]
[Black "Durovka, Marek"]
[Result "1-0"]
[WhiteElo "1481"]
[BlackElo "1725"]
[PlyCount "52"]
[EventDate "2022.09.16"]
[EventType "swiss"]
[EventRounds "11"]
[EventCountry "GEO"]
[SourceTitle "EXT 2023"]
[Source "ChessBase"]
[SourceDate "2022.10.05"]
[SourceVersion "1"]
[SourceVersionDate "2022.10.05"]
[SourceQuality "1"]

1. e4 e6 2. d4 d5 3. Nc3 Bb4 4. e5 c5 5. Bd2 a6 6. a3 Bxc3 7. Bxc3 Ne7 8. f4 cxd4 9. Bxd4 Nbc6 10. Nf3 Nf5 11. Qd2 Bd7 12. Bf2 Rc8 13. Bd3 Nfe7 14. b4 0-0 15. 0-0 Ng6 16. h4 f5 17. Rad1 Nb8 18. g3 Qc7 19. Nd4 Qc3 20. Nb3 Qxd2 21. Rxd2 Rfe8 22. Nc5 Rc7 23. c4 Bc6 24. Nxe6 Rxe6 25. cxd5 Re8 26. dxc6 Nxc6 1-0

[Event "Wch U12"]
[Site "Batumi"]
[Date "2022.09.20"]
[Round "5"]
[White "Koehalmi Szabo, Mihaly"]
[Black "Vandan, Alankar Sawai"]
[Result "0-1"]
[WhiteElo "1683"]
[BlackElo "1481"]
[PlyCount "84"]
[EventDate "2022.09.16"]
[EventType "swiss"]
[EventRounds "11"]
[EventCountry "GEO"]
[SourceTitle "EXT 2023"]
[Source "ChessBase"]
[SourceDate "2022.10.05"]
[SourceVersion "1"]
[SourceVersionDate "2022.10.05"]
[SourceQuality "1"]

1. d4 d5 2. Bf4 Nf6 3. e3 c5 4. c3 Nc6 5. Nd2 Qb6 6. Qb3 c4 7. Qc2 g6 8. Qc1 Nh5 9. Bg3 Bg7 10. b3 cxb3 11. Nxb3 Nxg3 12. hxg3 0-0 13. Bd3 e5 14. Ne2 Qc7 15. Qd2 e4 16. Bc2 b6 17. Nf4 Ne7 18. 0-0 Ba6 19. Rfc1 Bh6 20. Bd1 Bxf4 21. gxf4 Nf5 22. Bg4 Nd6 23. Bh3 Bc8 24. Bxc8 Raxc8 25. Qe2 Qd7 26. Rc2 Rc7 27. Rac1 Rfc8 28. Nd2 Nc4 29. Nb1 Kg7 30. g4 Rh8 31. Kg2 h5 32. g5 Rhc8 33. f3 Re8 34. Re1 Nxe3+ 35. Qxe3 exf3+ 36. Kf2 Rxe3 37. Rxe3 Qg4 38. Rxf3 h4 39. Nd2 h3 40. Rc1 Qg2+ 41. Ke3 Re7+ 42. Kd3 Qe2+ 0-1